Top 100 Most Used Words in English - Statistics

General Stats
  • This quiz has been taken 193 times
  • The average score is 57 of 100
Answer Stats
Rank Part of Speech Word % Correct
6 Article a
99%
1 Article the
98%
10 Pronoun I
96%
16 Pronoun he
95%
32 Article an
91%
2 Verb be
91%
30 Pronoun she
89%
27 Pronoun we
89%
18 Pronoun you
88%
19 Verb, noun do
85%
29 Possessive pronoun her
85%
56 Determiner, adverb no
85%
3 Preposition to
84%
26 Pronoun they
83%
46 Pronoun, noun who
83%
7 Preposition in
82%
51 Adverb when
82%
5 Coordinator and
81%
49 Verb, noun go
81%
11 Pronoun it
81%
14 Preposition on
81%
4 Preposition of
77%
40 Pronoun, adverb, et al. what
76%
41 Coordinator, adverb, et al. so
75%
50 Pronoun me
74%
13 Adverb et al. not
73%
64 Possessive pronoun your
73%
8 Subordinator, determiner that
72%
72 Adverb then
72%
23 Possessive pronoun his
71%
58 Pronoun him
70%
34 Possessive pronoun my
70%
38 Adverb, pronoun, et al. there
70%
100 Pronoun us
70%
39 Possessive pronoun their
69%
68 Pronoun them
69%
12 Preposition for
68%
9 Verb have
67%
85 Adverb how
67%
24 Preposition by
65%
20 Preposition at
63%
53 Verb, noun can
63%
21 Determiner, adverb, noun this
63%
42 Adverb, preposition, et al. up
62%
17 Adverb, preposition as
61%
22 Preposition, adverb, coordinator but
59%
86 Possessive pronoun our
59%
43 Preposition out
57%
54 Preposition, verb like
56%
35 Noun, adjective, et al. one
56%
69 Verb see
56%
33 Verb, noun will
56%
36 Adjective all
55%
25 Preposition from
54%
15 Preposition with
54%
44 Preposition if
52%
31 Coordinator or
51%
84 Noun two
51%
47 Verb get
48%
65 Adjective good
48%
94 Preposition because
47%
97 Verb give
47%
28 Verb et al. say
47%
77 Possessive pronoun its
46%
71 Preposition than
46%
67 Verb could
45%
78 Preposition over
45%
60 Verb, noun take
44%
55 Noun time
44%
37 Verb would
44%
66 Determiner some
43%
93 Verb want
43%
98 Noun day
42%
73 Preposition now
41%
76 Verb come
40%
59 Verb, noun know
40%
74 Verb look
40%
99 Adverb most
40%
82 Preposition after
37%
52 Verb, noun make
37%
79 Verb think
37%
57 Adjective just
35%
96 Pronoun these
35%
48 Pronoun which
33%
87 Verb, noun work
32%
61 Noun people
31%
45 Preposition, adverb, et al. about
30%
62 Preposition into
30%
92 Adjective et al. new
30%
90 Noun, adverb way
28%
89 Adverb well
28%
80 Adverb also
27%
95 Pronoun any
27%
83 Verb, noun use
27%
81 Noun, adverb back
26%
91 Adjective even
26%
88 Adjective first
25%
75 Adverb only
25%
63 Noun year
25%
70 Adjective, pronoun other
23%
No matching quizzes found
Score Distribution
Percent of People with Each Score
Percentile by Number Answered
Your Score History
You have not taken this quiz